Premios "Santoña _ la mar" : (Record no. 17346)

MARC details
000 -LEADER
campo de control de longitud fija 01203nam a2200265 i 4500
001 - NÚMERO DE CONTROL
campo de control 17346
003 - IDENTIFICADOR DE NÚMERO DE CONTROL
campo de control ES-MaACL
005 - FECHA Y HORA DE LA ÚLTIMA TRANSACCIÓN
campo de control 20230906151545.0
007 - CAMPO FIJO DE DESCRIPCIÓN FÍSICA--INFORMACIÓN GENERAL
campo de control de longitud fija t|
008 - DATOS DE LONGITUD FIJA--INFORMACIÓN GENERAL
campo de control de longitud fija 010212s2000 sp ||||1| spa d
020 ## - NÚMERO INTERNACIONAL ESTÁNDAR DEL LIBRO
Número Internacional Estándar del Libro 84-922221-7-4
080 ## - NÚMERO DE LA CLASIFICACIÓN DECIMAL UNIVERSAL
Número de la Clasificación Decimal Universal 821.134.2-32"19"(082.2)
245 00 - MENCIÓN DEL TÍTULO
Título Premios "Santoña _ la mar" :
Resto del título quinta edición del Certamen Literario "Ricardo Macías Picavea".
260 ## - PUBLICACIÓN, DISTRIBUCIÓN, ETC.
Lugar de publicación, distribución, etc. Santoña :
Nombre del editor, distribuidor, etc. Ayuntamiento, Concejalía de Cultura y Deporte,
Fecha de publicación, distribución, etc. 2000.
300 ## - DESCRIPCIÓN FÍSICA
Extensión 102 p. ;
Dimensiones 21 cm.
505 8# - NOTA DE CONTENIDO CON FORMATO
Nota de contenido con formato Contiene: La hija de la oscuridad / Vicente Fernández Said . El hundimiento del Reina María Luisa / María del Puerto Barruetebeña Díez . Witness Box / Javier Tuero Rodríguez . Ritos de iniciación / Fernando Villamía Ugarte . El bajel de los olvidados / Antonio Luis Vera Velasco.
650 #4 - PUNTO DE ACCESO ADICIONAL DE MATERIA--TÉRMINO DE MATERIA
Término de materia o nombre geográfico como elemento de entrada Novelas cortas españolas-
Subdivisión cronológica S.XX.
9 (RLIN) 15633
700 1# - ENTRADA AGREGADA--NOMBRE PERSONAL
Nombre de persona Fernández Saiz, Vicente.
9 (RLIN) 50060
700 1# - ENTRADA AGREGADA--NOMBRE PERSONAL
Nombre de persona Barruetabeña Díez, María del Puerto.
9 (RLIN) 26084
700 1# - ENTRADA AGREGADA--NOMBRE PERSONAL
Nombre de persona Tuero Rodríguez, Javier.
9 (RLIN) 111645
700 1# - ENTRADA AGREGADA--NOMBRE PERSONAL
Nombre de persona Villamía Ugarte, Fernando.
9 (RLIN) 114998
700 1# - ENTRADA AGREGADA--NOMBRE PERSONAL
Nombre de persona Vera Velasco, Antonio Luis.
9 (RLIN) 113967
710 1# - ENTRADA AGREGADA--NOMBRE DE ENTIDAD CORPORATIVA
Nombre de entidad corporativa o nombre de jurisdicción como elemento de entrada Santoña.
Unidad subordinada Ayuntamiento.
9 (RLIN) 6505
852 4# - LOCALIZACIÓN
Ubicación ES-MaACL
Número de control de estantería L-24154
Holdings
Estatus retirado Estado de pérdida Estado de daño No para préstamo Biblioteca de origen Biblioteca actual Ubicación en estantería Fecha de adquisición Fuente de adquisición Total de préstamos Signatura topográfica completa Código de barras Visto por última vez Precio de reemplazo Tipo de ítem Koha
        Biblioteca del Ateneo de Madrid Biblioteca del Ateneo de Madrid Depósito 2 17/01/2008     L-24154 1017697 23/02/2023 23/02/2023 Libro impreso